Los partidos políticos en España / (Record no. 116620)

MARC details
000 -LEADER
campo de control de longitud fija 00524nam a2200193 4500
001 - NÚMERO DE CONTROL
campo de control 116620
003 - IDENTIFICADOR DE NÚMERO DE CONTROL
campo de control ES-MaACL
005 - FECHA Y HORA DE LA ÚLTIMA TRANSACCIÓN
campo de control 20230906190735.0
007 - CAMPO FIJO DE DESCRIPCIÓN FÍSICA--INFORMACIÓN GENERAL
campo de control de longitud fija t|
008 - DATOS DE LONGITUD FIJA--INFORMACIÓN GENERAL
campo de control de longitud fija 061121s1979 sp r ||||1| spa d
245 04 - MENCIÓN DEL TÍTULO
Título Los partidos políticos en España /
Mención de responsabilidad, etc. Raúl Morodo...[et al.].
260 ## - PUBLICACIÓN, DISTRIBUCIÓN, ETC.
Lugar de publicación, distribución, etc. Bercalona :
Nombre del editor, distribuidor, etc. Labor,
Fecha de publicación, distribución, etc. 1979.
300 ## - DESCRIPCIÓN FÍSICA
Extensión 320 p. ;
Dimensiones 18 cm.
490 1# - MENCIÓN DE SERIE
Mención de serie Politeia
700 1# - ENTRADA AGREGADA--NOMBRE PERSONAL
Nombre de persona Morodo, Raúl.
9 (RLIN) 83633
830 0# - PUNTO DE ACCESO ADICIONAL DE SERIE-TÍTULO UNIFORME
Título uniforme Politeia
9 (RLIN) 178626
852 ## - LOCALIZACIÓN
Ubicación ES-MaACL
Número de control de estantería A-10262
Sublocalización o colección R.99027
Holdings
Estatus retirado Estado de pérdida Estado de daño No para préstamo Biblioteca de origen Biblioteca actual Ubicación en estantería Fecha de adquisición Fuente de adquisición Total de préstamos Signatura topográfica completa Código de barras Visto por última vez Precio de reemplazo Tipo de ítem Koha
        Biblioteca del Ateneo de Madrid Biblioteca del Ateneo de Madrid Depósito 1 17/01/2008     A-10262 1121604 23/02/2023 23/02/2023 Libro impreso